000 01378nam a2200325Ia 4500
003 OSt
005 20221007123406.0
006 a|||||r|||| 00| 0
007 ta
008 221006b |||||||| |||| 00| 0 eng d
020 _a9051994664 (hbd)
_cEuro 132.00
024 _a10530
037 _bUnilib,
_cTextual
040 _aPAPL
_cPAPL
_beng
041 _2eng
_aeng
082 _aC9D8,6:21p1,N97, N8
100 _aIadonisi G Ed
_9717173
111 _aThe international school of physics^gVilla Monastero^i24 June- 4 July, 1997
_9717174
245 0 _aProcedings: models and phenomenology for conventional and high-temperature superconductivity ed by G Iadonisi and others
_b Schrieffer R Ed Chiofalo M L Ed
260 _aAmsterdam
_bIOS Press
_c1998
300 _axii, 505p
_ccm.
500 _aIncludes bibliographical references; ^n23/CSL/CARPA/2002-2003/279^d2003-03-28^mPurchase; ; 2002-03/842^b2003-03-28^c379^d2003-03-28^eRs.17,937.00^fUnilib Book Distributors; ; 2003-05-30^bSB^c2003-10-04^dJindal
650 _a Superconductivity
_9642647
650 _a High temperature physics,
_9717175
650 _aPhysics
700 _a Chiofalo M L Ed
_9717176
700 _a Schrieffer R Ed
_9717177
942 _hC9D8,6:21p1,N97, N8
_cTEXL
_2CC
999 _c1211806
_d1211806